| 000 | 00484nam a2200193Ia 4500 | ||
|---|---|---|---|
| 008 | 170918s9999 xx 000 0 und d | ||
| 020 | _a439098173 | ||
| 050 | _bP296 1992 | ||
| 100 | _aPaterson, Katherine | ||
| 245 | _aKing's equal / | ||
| 245 | _cKatherine Paterson ; illustrated by Curtis Woodbridge. | ||
| 260 | _aNew York : | ||
| 260 | _bScholastic, | ||
| 260 | _c1992 | ||
| 300 | _a56 pages : | ||
| 300 | _bcolored illustration ; | ||
| 300 | _c19cm. | ||
| 500 | _a780 | ||
| 999 |
_c342005 _d342005 |
||